Oportunidades de mejora en la formulación de materia prima, configuración de extrusión y sistema de enfriamiento para el aumento del rendimiento en la producción de tubería de PVC
Guardat en:
| Autor principal: | |
|---|---|
| Altres autors: | |
| Format: | Llibre |
| Idioma: | Spanish |
| Publicat: |
San José, Costa Rica
2021.
|
| Matèries: | |
| Etiquetes: |
Afegir etiqueta
Sense etiquetes, Sigues el primer a etiquetar aquest registre!
|
MARC
| LEADER | 00000nam a2200000Ia 4500 | ||
|---|---|---|---|
| 003 | 013518 | ||
| 005 | 20230411112715.0 | ||
| 008 | 140114s2021 cr a 000 ||spa d | ||
| 040 | |c cru CEDI | ||
| 100 | |a Chaves Zeledón, César Alberto, 1993- |9 327 | ||
| 245 | |a Oportunidades de mejora en la formulación de materia prima, configuración de extrusión y sistema de enfriamiento para el aumento del rendimiento en la producción de tubería de PVC | ||
| 260 | |a San José, Costa Rica |c 2021. | ||
| 500 | |a Práctica dirigida de graduación (licenciatura en ingeniería química)--Universidad de Costa Rica. Facultad de Ingeniería. Escuela de Ingeniería Química | ||
| 501 | |a Director de Práctica Dirigida de graduación: Lic. Allan Mora Vindas | ||
| 650 | |x TUBERIAS DE PLASTICO- COMPOSICION QUIMICA |x EXTRUSION - MAQUINARIA |x REFRIGERACION |x MATERIAS PRIMAS - PRODUCCION |x EQUIPO INDUSTRIAL - COSTO-EFECTIVIDAD |x TUBERIAS DE PLASTICO | ||
| 700 | |9 328 |a Mora Vindas, Allan Gerardo |d Director del TFG | ||
| 942 | |c CEDI |h TFG 8669 |6 TFG_8669_000000000000000 | ||
| 999 | |c 22020 |d 22020 | ||
